La protección del consumidor en accidentes en autopistas concesionadas.

Saved in:
Bibliographic Details
Main Author: Barrientos Camus, Francisca (autora)
Format: Unknown
Published: Santiago, Chile: Thomson Reuters, 2022.
Edition:1ª edición.
Series:Monografías
Subjects:
Tags: Add Tag
No Tags, Be the first to tag this record!

MARC

LEADER 00000 a2200000 4500
003 CL-VaPUC
005 20230321093936.0
008 230313t2022 ||||| |||| 00| 0 eng d
999 |c 440065  |d 440063 
020 |a 978-986-400-307-8 
040 |c Pontificia Universidad Católica de Valparaíso 
082 |2 22  |a 346.0322 BAR 2022 
100 |a Barrientos Camus, Francisca  |9 597149  |e autora 
245 1 3 |a La protección del consumidor en accidentes en autopistas concesionadas. 
250 |a 1ª edición.  
260 |a Santiago, Chile:   |b Thomson Reuters,  |c 2022. 
300 |a 290 páginas.  
440 |a Monografías  |9 856527 
583 |k GC  |c 20230313 
650 0 |9 261125  |a Obras públicas  |v Aspectos jurídicos   |x Derecho del consumidor   |x Autopistas  
650 0 |9 261117  |a Transporte automotriz   |x Derecho del consumidor   |x Accidentes de transporte  
942 |2 ddc  |c BK 
952 |0 0  |1 0  |2 ddc  |4 0  |6 346_032200000000000_BAR_2022  |7 0  |8 A  |9 588947  |a BIBDER  |b BIBDER  |d 2023-03-10  |e 31  |g 0.00  |i 5656592  |l 1  |m 1  |o 346.0322 BAR 2022  |p 5656592  |r 2024-04-01  |s 2024-03-14  |t 1  |v 0.00  |w 2023-03-10  |y BK  |k DER